Statistiques concernant Classement de la Ligue 1 2022-2023

Cliquez ici pour prendre le quiz!

Statistiques générales

  • Ce quiz a été pris 468 fois
  • Le résultat moyen est 12 sur 20

Statistiques - réponses

#PointsJVNDClubDB% Correct
185382747PSG+49
100%
284382594Lens+39
92%
373382279Marseille+27
86%
4683821512Rennes+30
77%
5673819109Lille+21
75%
7623818812Lyon+18
68%
6653819811Monaco+12
66%
2018384628Angers-48
54%
105538151013Lorient-1
51%
16363871516Nantes-18
51%
95838151310Nice+11
51%
115138121511Reims0
47%
8593817813Clermont-4
46%
13483813916Toulouse-6
46%
17353881119Auxerre-28
44%
1826387526Ajaccio-51
43%
144438111116Brest-10
43%
12503815518Montpellier+3
42%
15403891316Strasbourg-8
41%
19243841222Troyes-36
41%

Distribution des résultats

Percentile par nombre de réponses

% des personnes avec chaque résultat

Votre développement - résultats

Vous n’avez pas pris ce quiz